| 000 | 00611nam a2200169Ia 4500 | ||
|---|---|---|---|
| 008 | 090711s9999 xx 000 0 und d | ||
| 082 | _b239 | ||
| 100 | _aनगर्सेकर सुरेश | ||
| 245 | _aसू-जोक उपSाार पध्दती | ||
| 260 |
_bमनोरमा प्रकाशन _c1999 |
||
| 300 | _a64 | ||
| 600 | _aनगर्सेकर सुरेश | ||
| 630 | _aसू-जोक उपSाार पध्दती | ||
| 700 | _aनगर्सेकर सुरेश | ||
| 730 | _aसू-जोक उपSाार पध्दती | ||
| 942 | _cBOOK | ||
| 999 |
_c335169 _d335169 |
||